Nachlass von Werner Fischel, 1900-1977

Saved in:  
Bibliographic Details
Main Author: Fischel, Werner 1900-1977 (Author)
Format: Electronic Personal archives
Language:German
In:Year: 2019
Online Access: Archivdatenbank (Kalliope Verbundkatalog)

MARC

LEADER 00000npc a22000002 4500
001 LR116533218
003 PipeLineGenerated
005 20260529132327.0
008 190606s2019 xx ||||| 00| ||ger c
100 |a Fischel, Werner  |0 (DE-588)116533218  |0 (DE-627)078026776  |d 1900-1977 
245 |a Nachlass von Werner Fischel, 1900-1977 
856 |u https://kalliope-verbund.info/gnd/116533218  |3 Archivdatenbank (Kalliope Verbundkatalog) 
ELC |a 1